[Event "Belgrade (Women) 44th"]
[Site "Belgrade"]
[Date "2012.03.11"]
[Round "9"]
[White "Maksimovic, Suzana"]
[Black "Olarasu, Gabriela"]
[Result "0-1"]
[WhiteElo "2227"]
[BlackElo "2260"]
[PlyCount "80"]
[EventDate "2012.03.03"]
[EventType "tourn"]
[EventRounds "9"]
[EventCountry "SRB"]
[SourceTitle "CBM 147 Extra"]
[Source "ChessBase"]
[SourceDate "2012.04.24"]
[SourceVersion "1"]
[SourceVersionDate "2012.04.24"]
[SourceQuality "1"]

1. d4 Nf6 2. c4 e6 3. Nf3 Bb4+ 4. Bd2 Qe7 5. e3 0-0 6. Nc3 d6 7. Qc2 e5 8. dxe5 dxe5 9. a3 Bd6 10. Bd3 c6 11. Ng5 h6 12. h4 a5 13. 0-0-0 Na6 14. Bh7+ Kh8 15. Nce4 Nxe4 16. Bxe4 f5 17. g4 g6 18. Bc3 Nc5 19. Rxd6 Qxd6 20. f4 Kg8 21. Bxe5 Qe7 22. gxf5 Nxe4 23. Nxe4 Bxf5 24. Qg2 Qe6 25. Nd6 Rad8 26. Nxf5 Qxf5 27. h5 g5 28. Rg1 Kh7 29. e4 Qe6 30. Qc2 Rd7 31. Kb1 Rg8 32. Rf1 Re7 33. Re1 Rf8 34. Qd3 Rd7 35. Qg3 gxf4 36. Bxf4 Rg7 37. Qh2 Qxc4 38. Bxh6 Qd3+ 39. Ka2 Kxh6 40. Qe5 Qc4+ 0-1

[Event "Belgrade (Women) 44th"]
[Site "Belgrade"]
[Date "2012.03.07"]
[Round "5"]
[White "Eric, Jovana"]
[Black "Olarasu, Gabriela"]
[Result "1-0"]
[WhiteElo "2243"]
[BlackElo "2260"]
[PlyCount "65"]
[EventDate "2012.03.03"]
[EventType "tourn"]
[EventRounds "9"]
[EventCountry "SRB"]
[SourceTitle "CBM 147 Extra"]
[Source "ChessBase"]
[SourceDate "2012.04.24"]
[SourceVersion "1"]
[SourceVersionDate "2012.04.24"]
[SourceQuality "1"]

1. e4 e5 2. Nf3 Nc6 3. Bb5 a6 4. Ba4 Nf6 5. 0-0 Be7 6. d3 d6 7. c3 0-0 8. Re1 b5 9. Bc2 d5 10. exd5 Qxd5 11. Qe2 Bb7 12. Bb3 Qd7 13. Nbd2 Rad8 14. Bc2 Rfe8 15. Ne4 Nd5 16. Be3 b4 17. Qd2 Qg4 18. h3 Qg6 19. Neg5 Bxg5 20. Bxg5 f6 21. d4 Qh5 22. Be3 exd4 23. cxd4 Nxe3 24. fxe3 Ne7 25. e4 c5 26. d5 f5 27. Qf2 fxe4 28. Bxe4 Rxd5 29. Bxd5+ Qxd5 30. Re5 Qf7 31. Rae1 Bc6 32. Qe3 Kf8 33. Ng5 1-0

[Event "ROM-chT Div-A"]
[Site "Slanic Moldova"]
[Date "2011.10.04"]
[Round "2"]
[White "Olarasu, Gabriela"]
[Black "Dicu, Razvan Stefan"]
[Result "1/2-1/2"]
[WhiteElo "2287"]
[BlackElo "2161"]
[PlyCount "63"]
[EventDate "2011.10.03"]
[EventType "team-tourn"]
[EventRounds "9"]
[EventCountry "ROU"]
[SourceTitle "CBM 144 Extra"]
[Source "ChessBase"]
[SourceDate "2011.10.28"]
[SourceVersion "1"]
[SourceVersionDate "2011.10.28"]
[SourceQuality "1"]

1. Nf3 Nf6 2. c4 e6 3. g3 b6 4. Bg2 Bb7 5. 0-0 Be7 6. Nc3 0-0 7. Re1 c5 8. e4 d6 9. d4 cxd4 10. Nxd4 Nfd7 11. Be3 a6 12. Rc1 Ne5 13. b3 Nbc6 14. h3 Nxd4 15. Qxd4 b5 16. cxb5 axb5 17. Nxb5 Rxa2 18. Red1 Qa8 19. Nxd6 Bxd6 20. Qxd6 Bxe4 21. Qxe5 Bxg2 22. Bd4 f6 23. Qxe6+ Kh8 24. Kh2 Bd5 25. Qf5 Bxb3 26. Re1 Rd2 27. Bc5 Re8 28. Rxe8+ Qxe8 29. Bb4 Rd8 30. Re1 Qa4 31. Qf4 Re8 32. Rxe8+ 1/2-1/2

[Event "SRB-chT (Women)"]
[Site "Valjevo"]
[Date "2011.09.04"]
[Round "9.6"]
[White "Foisor, Cristina Adela B"]
[Black "Olarasu, Gabriela"]
[Result "1/2-1/2"]
[WhiteElo "2427"]
[BlackElo "2287"]
[PlyCount "167"]
[EventDate "2011.08.27"]
[EventType "team-tourn"]
[EventRounds "11"]
[EventCountry "SRB"]
[SourceTitle "CBM 144 Extra"]
[Source "ChessBase"]
[SourceDate "2011.10.28"]
[SourceVersion "1"]
[SourceVersionDate "2011.10.28"]
[SourceQuality "1"]
[WhiteTeam "Rudovci Radnicki (W)"]
[BlackTeam "Belgrade Radnicki (W)"]
[WhiteTeamCountry "SRB"]
[BlackTeamCountry "SRB"]

1. c4 c6 2. Nc3 d5 3. e3 Nf6 4. Nf3 a6 5. d4 e6 6. Qc2 Nbd7 7. Bd2 dxc4 8. Bxc4 b5 9. Be2 Bb7 10. 0-0 c5 11. dxc5 Bxc5 12. b4 Be7 13. a4 bxa4 14. Qxa4 0-0 15. Nd4 Qb6 16. Rab1 Ne5 17. Qa5 Qd6 18. Qc5 Ne4 19. Nxe4 Bxe4 20. Qxd6 Bxd6 21. Rb3 Bd5 22. Ra3 Nc4 23. Bxc4 Bxc4 24. Rc1 Bd5 25. Nb3 Be5 26. Nd4 Bb7 27. Ra5 Bxd4 28. exd4 Rac8 29. Rac5 h6 30. f3 Rfd8 31. Be3 Kf8 32. Kf2 Ke7 33. g4 Rxc5 34. bxc5 Bc6 35. Rb1 Bb5 36. h4 Kd7 37. f4 Kc6 38. Ra1 Ra8 39. Bd2 Rd8 40. Ke3 g6 41. Rh1 Rd7 42. h5 gxh5 43. gxh5 Rd5 44. Ba5 Kd7 45. Rh2 Rf5 46. Bc3 Kc6 47. Ke4 Ba4 48. Ba5 Bb5 49. Bb6 Ba4 50. Ra2 Bb5 51. Rg2 Rxh5 52. Rg7 Bc4 53. Rxf7 Bd5+ 54. Ke3 Kb5 55. Ra7 Rh3+ 56. Kd2 h5 57. Bd8 Rf3 58. Rh7 Rxf4 59. Rxh5 Rxd4+ 60. Ke3 Re4+ 61. Kd3 Kxc5 62. Rh4 Re1 63. Be7+ Kc6 64. Ra4 Kd7 65. Ba3 Bb7 66. Rd4+ Kc7 67. Kd2 Rh1 68. Bd6+ Kb6 69. Bf4 Bd5 70. Rb4+ Kc5 71. Rb8 a5 72. Be3+ Kd6 73. Bf4+ Kc6 74. Rc8+ Kb7 75. Rc1 Rh4 76. Rb1+ Ka6 77. Bc7 Rc4 78. Bd8 a4 79. Be7 Rg4 80. Rb4 Rg2+ 81. Kc3 Bb3 82. Rb8 Rc2+ 83. Kd3 Rc1 84. Ba3 1/2-1/2

[Event "SRB-chT (Women)"]
[Site "Valjevo"]
[Date "2011.09.03"]
[Round "8.2"]
[White "Olarasu, Gabriela"]
[Black "Manakova, Maria"]
[Result "0-1"]
[WhiteElo "2287"]
[BlackElo "2314"]
[PlyCount "62"]
[EventDate "2011.08.27"]
[EventType "team-tourn"]
[EventRounds "11"]
[EventCountry "SRB"]
[SourceTitle "CBM 144 Extra"]
[Source "ChessBase"]
[SourceDate "2011.10.28"]
[SourceVersion "1"]
[SourceVersionDate "2011.10.28"]
[SourceQuality "1"]
[WhiteTeam "Belgrade Radnicki (W)"]
[BlackTeam "Belgrade Rad (W)"]
[WhiteTeamCountry "SRB"]
[BlackTeamCountry "SRB"]

1. d4 Nf6 2. c4 g6 3. Nc3 d5 4. cxd5 Nxd5 5. e4 Nxc3 6. bxc3 c5 7. Be3 Bg7 8. Bc4 0-0 9. Ne2 Nc6 10. 0-0 Qc7 11. Rc1 Rd8 12. h3 a6 13. f4 b5 14. Bd3 e6 15. e5 c4 16. Bb1 Ne7 17. g4 Bb7 18. Ng3 Nd5 19. Qd2 a5 20. Kh2 b4 21. Ne4 Qc6 22. Rg1 bxc3 23. Qf2 Rab8 24. f5 Nxe3 25. Qxe3 Ba8 26. Nxc3 Rb2+ 27. Rc2 Qb6 28. Rxb2 Qxb2+ 29. Kg3 exf5 30. gxf5 Bh6 31. Qe2 Bd2 0-1

[Event "SRB-chT (Women)"]
[Site "Valjevo"]
[Date "2011.09.02"]
[Round "7.5"]
[White "Stojanovic, Andjelija"]
[Black "Olarasu, Gabriela"]
[Result "1/2-1/2"]
[WhiteElo "2293"]
[BlackElo "2287"]
[PlyCount "129"]
[EventDate "2011.08.27"]
[EventType "team-tourn"]
[EventRounds "11"]
[EventCountry "SRB"]
[SourceTitle "CBM 144 Extra"]
[Source "ChessBase"]
[SourceDate "2011.10.28"]
[SourceVersion "1"]
[SourceVersionDate "2011.10.28"]
[SourceQuality "1"]
[WhiteTeam "Goracici Jelica (W)"]
[BlackTeam "Belgrade Radnicki (W)"]
[WhiteTeamCountry "SRB"]
[BlackTeamCountry "SRB"]

1. e4 e5 2. f4 exf4 3. Nf3 d5 4. exd5 Nf6 5. Bc4 Bd6 6. Qe2+ Qe7 7. Qxe7+ Kxe7 8. 0-0 Re8 9. d4 Kf8 10. Nc3 a6 11. a4 h6 12. h4 Nh5 13. Bd3 Ng3 14. Rf2 Nd7 15. Bd2 Nf6 16. Ne5 g5 17. hxg5 hxg5 18. Nf3 Ng4 19. Nxg5 Nxf2 20. Kxf2 Bf5 21. Bxf5 Nxf5 22. Rh1 Kg7 23. Nce4 Ng3 24. Rh7+ Kg6 25. Nxd6 cxd6 26. Bxf4 Nh5 27. Bd2 f6 28. g4 Ng7 29. Rxg7+ Kxg7 30. Ne6+ Rxe6 31. dxe6 d5 32. Bb4 Rc8 33. c3 b6 34. a5 bxa5 35. Ba3 Rc6 36. e7 Kf7 37. Ke3 a4 38. Kd3 Rc8 39. Ke3 Rg8 40. Kf4 Ke6 41. Bc5 Kf7 42. Kf5 Rh8 43. Ba3 a5 44. Bd6 Rh6 45. Ba3 Rh4 46. Bd6 Rh8 47. Ba3 Rb8 48. g5 fxg5 49. Kxg5 Rh8 50. Kf5 Rh5+ 51. Kf4 Ke8 52. Ke3 Kd7 53. Kf4 Ke8 54. Ke3 Rh4 55. Kd3 Kd7 56. Kc2 Re4 57. Kb1 Re1+ 58. Ka2 Rc1 59. Bc5 Rh1 60. Bd6 Ke8 61. Bc5 Kd7 62. Ba3 Ke8 63. Bc5 Rg1 64. Bd6 Re1 65. Bc5 1/2-1/2

[Event "SRB-chT (Women)"]
[Site "Valjevo"]
[Date "2011.08.31"]
[Round "5.4"]
[White "Videnova, Iva"]
[Black "Olarasu, Gabriela"]
[Result "1/2-1/2"]
[WhiteElo "2353"]
[BlackElo "2287"]
[PlyCount "160"]
[EventDate "2011.08.27"]
[EventType "team-tourn"]
[EventRounds "11"]
[EventCountry "SRB"]
[SourceTitle "CBM 144 Extra"]
[Source "ChessBase"]
[SourceDate "2011.10.28"]
[SourceVersion "1"]
[SourceVersionDate "2011.10.28"]
[SourceQuality "1"]
[WhiteTeam "Novi Sad Sah Kruzok (W)"]
[BlackTeam "Belgrade Radnicki (W)"]
[WhiteTeamCountry "SRB"]
[BlackTeamCountry "SRB"]

1. e4 e5 2. Nf3 Nc6 3. Bb5 Nge7 4. c3 a6 5. Ba4 g6 6. d4 Bg7 7. Bg5 b5 8. Bb3 h6 9. Bh4 exd4 10. cxd4 Na5 11. Ne5 Nxb3 12. Qxb3 Rf8 13. f4 f6 14. Nf3 d5 15. e5 f5 16. a4 bxa4 17. Qxa4+ Qd7 18. Qb4 Nc6 19. Qc5 Nd8 20. Bxd8 Kxd8 21. Nc3 Bb7 22. Ra5 Re8 23. Nxd5 Bf8 24. Qc4 Qc6 25. Qxc6 Bxc6 26. 0-0 Kc8 27. Rc1 Kb7 28. Nc3 Bb4 29. Raa1 Rad8 30. Rd1 Bxf3 31. gxf3 g5 32. Ne2 gxf4 33. Nxf4 c5 34. Kf1 Rxd4 35. Rxd4 cxd4 36. Nd3 Be7 37. Ra4 Rd8 38. Ke2 Kb6 39. b3 Rd5 40. f4 Rd8 41. Rc4 a5 42. Nb2 Ba3 43. Na4+ Kb5 44. Kd3 Bb4 45. Rxd4 Rg8 46. Nc3+ Kc6 47. Rc4+ Kd7 48. Nd5 Rg2 49. Nxb4 axb4 50. Rc2 Rg1 51. Kc4 Rf1 52. Rd2+ Ke7 53. Rd4 Rh1 54. Kxb4 Rxh2 55. Kc5 h5 56. b4 h4 57. b5 h3 58. Rd6 Rc2+ 59. Kb6 Rc4 60. Rh6 Rxf4 61. Rxh3 Ke6 62. Kc5 Kxe5 63. Re3+ Kf6 64. b6 Rf1 65. Rb3 Rc1+ 66. Kd6 Rd1+ 67. Kc7 Rc1+ 68. Kd7 Rd1+ 69. Ke8 Re1+ 70. Kd7 Rd1+ 71. Kc6 Rc1+ 72. Kb5 Rc8 73. b7 Rb8 74. Kc6 Ke5 75. Kc7 Rxb7+ 76. Rxb7 f4 77. Kc6 f3 78. Kc5 Ke4 79. Kc4 f2 80. Re7+ Kf3 1/2-1/2

[Event "SRB-chT (Women)"]
[Site "Valjevo"]
[Date "2011.08.30"]
[Round "4.4"]
[White "Olarasu, Gabriela"]
[Black "Panic, Anastasija"]
[Result "0-1"]
[WhiteElo "2287"]
[BlackElo "1888"]
[PlyCount "90"]
[EventDate "2011.08.27"]
[EventType "team-tourn"]
[EventRounds "11"]
[EventCountry "SRB"]
[SourceTitle "CBM 144 Extra"]
[Source "ChessBase"]
[SourceDate "2011.10.28"]
[SourceVersion "1"]
[SourceVersionDate "2011.10.28"]
[SourceQuality "1"]
[WhiteTeam "Belgrade Radnicki (W)"]
[BlackTeam "LeStane (W)"]
[WhiteTeamCountry "SRB"]
[BlackTeamCountry "SRB"]

1. d4 Nf6 2. c4 e6 3. Nc3 Bb4 4. e3 b6 5. Bd3 Bb7 6. Nf3 c5 7. 0-0 0-0 8. Na4 d6 9. a3 Ba5 10. Rb1 Na6 11. d5 e5 12. e4 h6 13. Qc2 Bc8 14. b3 Bd7 15. Nb2 Nc7 16. Nd1 b5 17. Ne3 a6 18. g3 Bh3 19. Rd1 Qd7 20. Nh4 g6 21. Bf1 Rfb8 22. Bb2 Nh5 23. Qe2 Ng7 24. Ba1 b4 25. a4 Nce8 26. f4 Bc7 27. fxe5 dxe5 28. d6 Bxd6 29. Bxe5 Bxf1 30. Qxf1 Qe6 31. Bxd6 Nxd6 32. Nd5 Nxe4 33. Nc7 Qc6 34. Nxa8 Nc3 35. Re1 Nxb1 36. Re7 Rf8 37. Qxb1 Rxa8 38. Qf1 Rf8 39. Ra7 Ne6 40. Qc1 Kh7 41. Qe3 Ng5 42. Ng2 Re8 43. Qc1 Nh3+ 44. Kh1 Qf3 45. Rd7 Re2 0-1

[Event "Creon op 16th"]
[Site "Creon"]
[Date "2011.08.04"]
[Round "5"]
[White "Olarasu, Gabriela"]
[Black "Larand, Manuel"]
[Result "1-0"]
[WhiteElo "2287"]
[BlackElo "1970"]
[PlyCount "77"]
[EventDate "2011.08.01"]
[EventType "swiss"]
[EventRounds "9"]
[EventCountry "FRA"]
[SourceTitle "CBM 143 Extra"]
[Source "ChessBase"]
[SourceDate "2011.08.29"]
[SourceVersion "1"]
[SourceVersionDate "2011.08.29"]
[SourceQuality "1"]

1. d4 Nf6 2. c4 c5 3. Nf3 g6 4. Nc3 cxd4 5. Nxd4 Bg7 6. e4 d6 7. Be2 Nc6 8. Be3 Bd7 9. Qd2 Nxd4 10. Bxd4 Bc6 11. f3 0-0 12. 0-0 a5 13. b3 Nd7 14. Be3 Nc5 15. Rab1 b6 16. Rfc1 Ra7 17. Bd1 f5 18. exf5 gxf5 19. a3 e5 20. b4 axb4 21. axb4 Ne6 22. Nd5 Nd4 23. Bg5 Qe8 24. Nxb6 f4 25. Nd5 Bxd5 26. cxd5 Qg6 27. Bh4 e4 28. fxe4 f3 29. Bg3 h5 30. Qf2 Raf7 31. Bxf3 h4 32. Rf1 Nxf3+ 33. gxf3 Bd4 34. Qxd4 hxg3 35. Rb2 gxh2+ 36. Kh1 Rxf3 37. Rxf3 Rxf3 38. Rg2 Rg3 39. Qf2 1-0

[Event "Avoine op 26th"]
[Site "Avoine"]
[Date "2011.07.24"]
[Round "2"]
[White "Olarasu, Gabriela"]
[Black "Dessenne, Francois"]
[Result "1-0"]
[WhiteElo "2287"]
[BlackElo "2078"]
[PlyCount "43"]
[EventDate "2011.07.23"]
[EventType "swiss"]
[EventRounds "9"]
[EventCountry "FRA"]
[SourceTitle "EXT 2012"]
[Source "ChessBase"]
[SourceDate "2011.11.24"]
[SourceVersion "1"]
[SourceVersionDate "2011.11.24"]
[SourceQuality "1"]

1. d4 Nf6 2. c4 c5 3. Nf3 cxd4 4. Nxd4 e5 5. Nb5 d5 6. cxd5 Bc5 7. e3 0-0 8. N5c3 e4 9. Be2 Nbd7 10. a3 Nb6 11. Nd2 Re8 12. b4 Bd6 13. Bb2 Bf5 14. g4 Nfxd5 15. Nxd5 Nxd5 16. gxf5 Nxe3 17. Qb3 Ng2+ 18. Kf1 e3 19. Rg1 exd2 20. Rxg2 Be5 21. Bxe5 Rxe5 22. Rxg7+ 1-0

[Event "Avoine op 26th"]
[Site "Avoine"]
[Date "2011.07.23"]
[Round "1"]
[White "Deslias, Gregoire"]
[Black "Olarasu, Gabriela"]
[Result "0-1"]
[WhiteElo "1992"]
[BlackElo "2287"]
[PlyCount "94"]
[EventDate "2011.07.23"]
[EventType "swiss"]
[EventRounds "9"]
[EventCountry "FRA"]
[SourceTitle "EXT 2012"]
[Source "ChessBase"]
[SourceDate "2011.11.24"]
[SourceVersion "1"]
[SourceVersionDate "2011.11.24"]
[SourceQuality "1"]

1. d4 Nf6 2. c4 e6 3. Nc3 Bb4 4. Qc2 c5 5. dxc5 0-0 6. Nf3 Bxc5 7. Bg5 Be7 8. e3 d6 9. Bd3 Nbd7 10. 0-0 b6 11. Ne4 h6 12. Bh4 Bb7 13. Nxf6+ Nxf6 14. Nd4 Rc8 15. Rac1 a6 16. Qe2 Qc7 17. Rfd1 Rfe8 18. f3 Qb8 19. Nb3 Qa8 20. Bb1 Red8 21. e4 Bc6 22. Nd4 Be8 23. Rc2 Qb7 24. Rcd2 b5 25. cxb5 axb5 26. Bd3 Rb8 27. Nc2 Qa7+ 28. Bf2 Qa5 29. a3 Nd7 30. f4 Qa4 31. Nd4 Nc5 32. Bc2 Qa8 33. b4 Na4 34. e5 dxe5 35. fxe5 Bg5 36. Rd3 Nb2 37. Rg3 Nxd1 38. Qxd1 Qd5 39. Qe2 Rbc8 40. Rg4 f5 41. Bb3 Rc1+ 42. Be1 Qxd4+ 43. Rxd4 Rxd4 44. Bxe6+ Kh8 45. Bxf5 Bd2 46. Kf2 Rxe1 47. Qf3 Rf4 0-1

[Event "Vaujany op-A 2nd"]
[Site "Vaujany"]
[Date "2011.07.17"]
[Round "4"]
[White "Olarasu, Gabriela"]
[Black "Haver, Bas"]
[Result "1-0"]
[WhiteElo "2287"]
[BlackElo "2023"]
[PlyCount "81"]
[EventDate "2011.07.14"]
[EventType "swiss"]
[EventRounds "9"]
[EventCountry "FRA"]
[SourceTitle "EXT 2012"]
[Source "ChessBase"]
[SourceDate "2011.11.24"]
[SourceVersion "1"]
[SourceVersionDate "2011.11.24"]
[SourceQuality "1"]

1. d4 Nf6 2. c4 c5 3. d5 e6 4. Nc3 exd5 5. cxd5 d6 6. Bg5 Be7 7. Nf3 Bg4 8. Qb3 Nbd7 9. Nd2 Nxd5 10. Qxd5 Bxg5 11. Nde4 Be7 12. Nxd6+ Bxd6 13. Qxd6 Qf6 14. Qxf6 Nxf6 15. f3 Be6 16. e4 Ke7 17. Be2 Rhd8 18. Rd1 Rxd1+ 19. Kxd1 a6 20. Kc2 Rd8 21. b3 b5 22. Re1 Rd4 23. Bf1 c4 24. b4 Nd7 25. Nd5+ Bxd5 26. Kc3 Rxe4 27. fxe4 Bb7 28. e5 Nb6 29. Kd4 Na4 30. g3 Bf3 31. Bh3 Bb7 32. Bg4 Nb2 33. Bf5 Bf3 34. Bc2 a5 35. Rb1 c3 36. Kxc3 Nc4 37. bxa5 Bc6 38. Bd3 Nxe5 39. Bxb5 Be4 40. Re1 f5 41. a6 1-0

[Event "Vaujany op-A 2nd"]
[Site "Vaujany"]
[Date "2011.07.15"]
[Round "2"]
[White "Olarasu, Gabriela"]
[Black "Horvath, Jozsef"]
[Result "1/2-1/2"]
[WhiteElo "2287"]
[BlackElo "2535"]
[PlyCount "62"]
[EventDate "2011.07.14"]
[EventType "swiss"]
[EventRounds "9"]
[EventCountry "FRA"]
[SourceTitle "EXT 2012"]
[Source "ChessBase"]
[SourceDate "2011.11.24"]
[SourceVersion "1"]
[SourceVersionDate "2011.11.24"]
[SourceQuality "1"]

1. Nf3 b6 2. d4 e6 3. e4 Bb7 4. Bd3 c5 5. c3 Nf6 6. Qe2 d5 7. Bb5+ Nbd7 8. exd5 Bxd5 9. 0-0 cxd4 10. Nxd4 Qc7 11. Rd1 Be7 12. Bg5 0-0 13. c4 Bb7 14. Nxe6 fxe6 15. Bxd7 Bc5 16. Bxe6+ Kh8 17. Be3 Rae8 18. Bd5 Bxe3 19. fxe3 Rxe3 20. Qf2 Ree8 21. Qd4 Bxd5 22. cxd5 Re4 23. Qc3 Rc4 24. Qa3 Re8 25. Nc3 Ng4 26. d6 Qd7 27. Qb3 Qc6 28. Qa3 Ne3 29. Rd2 Rg4 30. g3 Nc4 31. d7 Nxd2 1/2-1/2

[Event "Vaujany op-A 2nd"]
[Site "Vaujany"]
[Date "2011.07.14"]
[Round "1"]
[White "Deleva, Mathias"]
[Black "Olarasu, Gabriela"]
[Result "0-1"]
[WhiteElo "1982"]
[BlackElo "2287"]
[PlyCount "76"]
[EventDate "2011.07.14"]
[EventType "swiss"]
[EventRounds "9"]
[EventCountry "FRA"]
[SourceTitle "EXT 2012"]
[Source "ChessBase"]
[SourceDate "2011.11.24"]
[SourceVersion "1"]
[SourceVersionDate "2011.11.24"]
[SourceQuality "1"]

1. e4 e5 2. Nc3 Nf6 3. Nf3 Nc6 4. Bb5 Bb4 5. 0-0 0-0 6. d3 Re8 7. Bg5 Bxc3 8. bxc3 d6 9. h3 Bd7 10. Re1 Ne7 11. Bxd7 Nxd7 12. d4 f6 13. Bd2 Nf8 14. Rb1 b6 15. Qe2 Qd7 16. Qc4+ Kh8 17. Rbd1 Nc6 18. Nh4 Na5 19. Qd3 Qa4 20. Nf5 Qxa2 21. g4 Qf7 22. Kh2 Nc6 23. Rg1 Ne7 24. Nh4 d5 25. f4 exf4 26. g5 dxe4 27. Qxe4 fxg5 28. Rxg5 Neg6 29. Nxg6+ Nxg6 30. Qd3 Qe7 31. Rg2 Rf8 32. Rf1 a5 33. Rg4 a4 34. Bxf4 a3 35. Bg5 Qd6+ 36. Kg1 Rxf1+ 37. Qxf1 a2 38. Qa1 Qd5 0-1

[Event "BUL-chT (Women) 44th"]
[Site "Albena"]
[Date "2011.06.08"]
[Round "7.4"]
[White "Olarasu, Gabriela"]
[Black "Galunova, Tsveta"]
[Result "1/2-1/2"]
[WhiteElo "2266"]
[BlackElo "1943"]
[PlyCount "61"]
[EventDate "2011.06.02"]
[EventType "team-tourn"]
[EventRounds "7"]
[EventCountry "BUL"]
[SourceTitle "CBM 142 Extra"]
[Source "ChessBase"]
[SourceDate "2011.06.27"]
[SourceVersion "1"]
[SourceVersionDate "2011.06.27"]
[SourceQuality "1"]
[WhiteTeam "Sofia Shah XXI (W)"]
[BlackTeam "Sofia CSKA (W)"]
[WhiteTeamCountry "BUL"]
[BlackTeamCountry "BUL"]

1. d4 d5 2. c4 c6 3. cxd5 cxd5 4. Bf4 Nc6 5. Nc3 Nf6 6. e3 Bf5 7. Nf3 e6 8. Bd3 Bxd3 9. Qxd3 Bd6 10. Bxd6 Qxd6 11. 0-0 0-0 12. Rac1 Rac8 13. h3 h6 14. Rfd1 Rfd8 15. Na4 Ne4 16. a3 Rc7 17. b4 Rdc8 18. Nc5 Nxc5 19. Rxc5 Ne7 20. Rdc1 f6 21. Nd2 b6 22. Rxc7 Rxc7 23. Rc3 Rxc3 24. Qxc3 Qc6 25. Qxc6 Nxc6 26. b5 Na5 27. Kf1 Kf7 28. Ke2 Ke7 29. Kd3 Kd6 30. f3 e5 31. e4 1/2-1/2

[Event "Belgrade (Women) 43rd"]
[Site "Belgrade"]
[Date "2011.03.12"]
[Round "7"]
[White "Olarasu, Gabriela"]
[Black "Voiska, Margarita"]
[Result "1/2-1/2"]
[WhiteElo "2273"]
[BlackElo "2313"]
[PlyCount "29"]
[EventDate "2011.03.06"]
[EventType "tourn"]
[EventRounds "9"]
[EventCountry "SRB"]
[SourceTitle "CBM 141 Extra"]
[Source "ChessBase"]
[SourceDate "2011.05.03"]
[SourceVersion "1"]
[SourceVersionDate "2011.05.03"]
[SourceQuality "1"]

1. d4 d5 2. c4 e6 3. Nf3 Nf6 4. Nc3 Be7 5. Bg5 c6 6. e3 0-0 7. Qc2 Nbd7 8. Bd3 a6 9. 0-0 dxc4 10. Bxc4 b5 11. Be2 c5 12. Rfd1 cxd4 13. Nxd4 Qb6 14. Bf3 Bb7 15. Bxb7 1/2-1/2

[Event "Belgrade (Women) 43rd"]
[Site "Belgrade"]
[Date "2011.03.10"]
[Round "5"]
[White "Olarasu, Gabriela"]
[Black "Petrovic, Marija"]
[Result "1-0"]
[WhiteElo "2273"]
[BlackElo "2197"]
[PlyCount "84"]
[EventDate "2011.03.06"]
[EventType "tourn"]
[EventRounds "9"]
[EventCountry "SRB"]
[SourceTitle "CBM 141 Extra"]
[Source "ChessBase"]
[SourceDate "2011.05.03"]
[SourceVersion "1"]
[SourceVersionDate "2011.05.03"]
[SourceQuality "1"]

1. Nf3 d5 2. d4 c6 3. c4 Bf5 4. Nc3 e6 5. Qb3 Qb6 6. c5 Qc7 7. Bf4 Qc8 8. e3 h6 9. h3 Nd7 10. Qa4 Ngf6 11. b4 a6 12. Be2 Ne4 13. Nxe4 Bxe4 14. 0-0 Be7 15. Qb3 0-0 16. a4 Bxf3 17. Bxf3 Bf6 18. Bd6 Re8 19. b5 axb5 20. axb5 e5 21. Rxa8 Qxa8 22. bxc6 bxc6 23. e4 dxe4 24. Bh5 Rf8 25. Bxf8 Qxf8 26. Qb7 Qe7 27. Bg4 Nf8 28. Qxe7 Bxe7 29. d5 cxd5 30. c6 Bd6 31. Ra1 g6 32. Ra7 h5 33. Bd7 d4 34. Be8 f5 35. c7 Bxc7 36. Rxc7 d3 37. Kf1 h4 38. Re7 Kh8 39. Ke1 Kg8 40. Kd2 Kh8 41. Rxe5 Kg7 42. Re7+ Kh8 1-0

[Event "BUL-chT (Women) 42th"]
[Site "Sunny Beach"]
[Date "2009.05.13"]
[Round "6.3"]
[White "Maksimovic, Suzana"]
[Black "Olarasu, Gabriela"]
[Result "1/2-1/2"]
[WhiteElo "2299"]
[BlackElo "2272"]
[PlyCount "56"]
[EventDate "2009.05.08"]
[EventType "team-tourn"]
[EventRounds "7"]
[EventCountry "BUL"]
[SourceTitle "CBM 130 Extra"]
[Source "ChessBase"]
[SourceDate "2009.07.02"]
[SourceVersion "2"]
[SourceVersionDate "2009.07.15"]
[SourceQuality "1"]
[WhiteTeam "Plovdiv Lokomotiv (W)"]
[BlackTeam "Sofia CSKA (W)"]
[WhiteTeamCountry "BUL"]
[BlackTeamCountry "BUL"]

1. d4 Nf6 2. Nf3 e6 3. e3 b6 4. Bd3 Bb7 5. 0-0 c5 6. b3 Be7 7. Bb2 0-0 8. c4 cxd4 9. exd4 d5 10. Nbd2 Nc6 11. Rc1 Rc8 12. Qe2 Re8 13. Rfd1 Bf8 14. Bb1 g6 15. Nf1 Bg7 16. Ne3 Qd6 17. Ne5 Nh5 18. Nxc6 Bxc6 19. g3 Nf6 20. Bd3 Bb7 21. c5 bxc5 22. dxc5 Qb8 23. b4 Nd7 24. Bxg7 Kxg7 25. Bb5 Bc6 26. Ba6 Bb7 27. Bb5 Bc6 28. Ba6 Bb7 1/2-1/2

[Event "BUL-chT (Women) 42th"]
[Site "Sunny Beach"]
[Date "2009.05.12"]
[Round "5.2"]
[White "Olarasu, Gabriela"]
[Black "Dragomirescu, Angela"]
[Result "1-0"]
[WhiteElo "2272"]
[BlackElo "2206"]
[PlyCount "65"]
[EventDate "2009.05.08"]
[EventType "team-tourn"]
[EventRounds "7"]
[EventCountry "BUL"]
[SourceTitle "CBM 130 Extra"]
[Source "ChessBase"]
[SourceDate "2009.07.02"]
[SourceVersion "2"]
[SourceVersionDate "2009.07.15"]
[SourceQuality "1"]
[WhiteTeam "Sofia CSKA (W)"]
[BlackTeam "Varna Georgi Daskalov (W)"]
[WhiteTeamCountry "BUL"]
[BlackTeamCountry "BUL"]

1. d4 d6 2. c4 e5 3. Nf3 exd4 4. Nxd4 g6 5. Nc3 Bg7 6. e4 Ne7 7. Be2 Nbc6 8. Nxc6 bxc6 9. c5 d5 10. exd5 cxd5 11. Bg5 c6 12. Qa4 0-0 13. 0-0 Be6 14. Rad1 Qd7 15. Bf4 Qb7 16. Rd2 a5 17. Bd1 Rfe8 18. h3 Qa7 19. Bd6 Bh6 20. Rd3 Qa6 21. Be2 Qb7 22. g4 Bg7 23. Qc2 f5 24. Na4 Nc8 25. Bf4 Qf7 26. g5 Ra7 27. b3 d4 28. Rfd1 Bd5 29. Nb6 Be4 30. Qc4 Ne7 31. Qxf7+ Kxf7 32. Nc4 Rd8 33. Bd6 1-0

[Event "BUL-chT (Women) 42th"]
[Site "Sunny Beach"]
[Date "2009.05.09"]
[Round "2.4"]
[White "Olarasu, Gabriela"]
[Black "Tomovska, Iliana"]
[Result "1/2-1/2"]
[WhiteElo "2272"]
[BlackElo "2038"]
[PlyCount "66"]
[EventDate "2009.05.08"]
[EventType "team-tourn"]
[EventRounds "7"]
[EventCountry "BUL"]
[SourceTitle "CBM 130 Extra"]
[Source "ChessBase"]
[SourceDate "2009.07.02"]
[SourceVersion "2"]
[SourceVersionDate "2009.07.15"]
[SourceQuality "1"]
[WhiteTeam "Sofia CSKA (W)"]
[BlackTeam "Plovdiv Rokada (W)"]
[WhiteTeamCountry "BUL"]
[BlackTeamCountry "BUL"]

1. Nf3 Nf6 2. c4 g6 3. Nc3 c5 4. d4 cxd4 5. Nxd4 Bg7 6. e4 Nc6 7. Be3 0-0 8. Be2 b6 9. Nxc6 dxc6 10. e5 Qxd1+ 11. Nxd1 Ng4 12. f4 f6 13. exf6 Bxf6 14. Bd2 e5 15. 0-0 exf4 16. Rxf4 Ne5 17. Bc3 Bg7 18. Rxf8+ Kxf8 19. Ne3 Be6 20. Rd1 Bh6 21. Bxe5 Bxe3+ 22. Kf1 Re8 23. b3 c5 24. Bc3 Ke7 25. Bf3 Bf4 26. g3 Bg5 27. h4 Bf6 28. Bxf6+ Kxf6 29. Kf2 h5 30. Rd6 Ke5 31. Rd2 Rf8 32. Ke3 Rf7 33. Be4 Rg7 1/2-1/2